Gemeinden des Kantons Wallis - Statistiken

Allgemein
  • Dieses Quiz wurde 1.641 mal gespielt
    330 seit der letzten Aktualisierung
  • Das Durchschnittsergebnis liegt bei 54 aus 122
Antworten auf der Karte
Die Antworten werden auf der Karte rot bzw. grün angezeigt, abhängig davon wie oft sie richtig erraten wurden.
 
Antwortstatistiken
Einwohner Gemeinde % Korrekt
37'154 Sitten
92%
6’099 Zermatt
90%
14’085 Brig-Glis
86%
8’838 Visp
85%
1’638 Saas-Fee
80%
17’829 Siders
79%
1’149 Goms
77%
281 Simplon
73%
300 Blatten (Lötschen)
72%
1’057 Saas-Grund
72%
910 Fiesch
71%
10’496 Crans-Montana
70%
22’247 Martigny
70%
4’340 Leuk
69%
663 Obergoms
69%
10’674 Naters
67%
1’305 Täsch
67%
1’142 Bitsch
65%
1’426 Leukerbad
65%
385 Saas-Almagell
63%
71 Zwischbergen
62%
19’074 Monthey
59%
357 Fieschertal
58%
483 Bettmeralp
57%
2’024 Raron
57%
341 Saas-Balen
57%
2’298 St. Niklaus
57%
1’113 Stalden
56%
129 Binn
55%
468 Randa
55%
1’212 Turtmann-Unterems
54%
1’318 Visperterminen
54%
544 Ernen
53%
2’247 Gampel-Bratsch
53%
7’314 Nendaz
53%
440 Riederalp
53%
1’088 Saint-Gingolph
53%
4’623 Saint-Maurice
52%
2’790 Anniviers
51%
417 Grengiols
51%
339 Lax
51%
1’316 Grächen
50%
10’907 Val de Bagnes
50%
363 Bellwald
49%
1’666 Evolène
49%
759 Mörel-Filet
49%
1’732 Salgesch
49%
528 Wiler (Lötschen)
49%
9’408 Conthey
48%
2’310 Ried-Brig
47%
640 Ausserberg
46%
1’386 Baltschieder
45%
561 Staldenried
45%
1’545 Hérémence
43%
1’726 Steg-Hohtenn
43%
1’175 Termen
43%
767 Bürchen
42%
460 Eischoll
42%
1’615 Chippis
40%
329 Kippel
40%
37 Bister
39%
222 Bourg-Saint-Pierre
39%
248 Ferden
39%
7’424 Saxon
39%
338 Eggerberg
38%
130 Inden
38%
192 Eisten
37%
2’628 Saint-Léonard
37%
8’278 Savièse
37%
259 Albinen
36%
760 Lalden
36%
496 Törbel
36%
140 Oberems
35%
4’551 Port-Valais
35%
3’749 Riddes
35%
9’310 Fully
34%
749 Niedergesteln
34%
175 Trient
34%
700 Varen
34%
1’404 Champéry
33%
285 Embd
33%
1’500 Evionnaz
33%
3’303 Orsières
33%
3’156 Saillon
33%
1’980 Vex
33%
745 Agarn
31%
418 Finhaut
31%
4’570 Lens
31%
2’363 Martigny-Combe
31%
1’114 Sembrancher
31%
5’022 Troistorrents
31%
614 Veysonnaz
31%
4’451 Ayent
30%
4’389 Chamoson
30%
183 Ergisch
30%
2’556 Grône
30%
479 Unterbäch
30%
4’803 Vouvry
30%
1’461 Arbaz
29%
3’927 Chalais
29%
10’051 Collombey-Muraz
29%
770 Liddes
29%
853 Saint-Martin
29%
1’495 Salvan
29%
355 Zeneggen
29%
3’835 Ardon
28%
3’529 Leytron
28%
6’605 Vétroz
28%
640 Icogne
27%
4’693 Noble-Contrée
27%
2’145 Val-d'Illiez
27%
3’024 Vionnaz
27%
2’126 Massongex
26%
1’113 Dorénaz
24%
3’962 Grimisuat
24%
804 Isérables
24%
1’928 Vernayaz
24%
952 Bovernier
23%
869 Collonges
23%
1’187 Mont-Noble
23%
440 Guttet-Feschel
20%
902 Vérossaz
16%
Keine übereinstimmenden Quizze gefunden
Verteilung der Resultate
Anzahl Personen mit jedem Resultat
Perzentil nach korrekt beantworteten Fragen
Ihre Resultats-Entwicklung
Sie haben dieses Quiz seit der letzten Aktualisierung nicht gespielt